| 000 | 00861nas a2200301 4500 | ||
|---|---|---|---|
| 001 | BR2010000152 | ||
| 003 | BR-BrBNA | ||
| 005 | 20231205113815.0 | ||
| 007 | ta | ||
| 008 | 230509b bl.|||p| |||| 00| 00por d | ||
| 040 |
_aBR-BrBNA _bpor _cBiblioteca Nacional de Agricultura |
||
| 041 | _a(Pt) | ||
| 072 | _aF03 | ||
| 100 | 1 | _aMedeiros, D.C. de | |
| 100 | 1 | _aAndrade Neto, R. de C. | |
| 100 | 1 | _aFigueira, L.K. | |
| 100 | 1 | _aNery, D.K.P. | |
| 100 | 1 | _aMaracajá, P.B. | |
| 245 | 1 | _aPó de folhas secas e verdes de nim sobre a qualidade das sementes de feijão caupi | |
| 650 | _aFEIJÃO DE CORDA | ||
| 650 | _aNIM | ||
| 650 | _aFOLHA | ||
| 650 | _aSEMENTE | ||
| 650 | _aQUALIDADE | ||
| 773 | 0 |
_tCaatinga (Brazil) _xISSN 0100-316X _g(2007), v. 20(2) p. 94-99 _wBR2010000152 |
|
| 909 |
_a202311 _bLúcia _c55 _dLúcia Elande |
||
| 942 |
_2AGRIS _n0 _cANA |
||
| 999 |
_c205725 _d205725 |
||